<?xml version="1.0" encoding="UTF-8"?>
<record
    xmlns:xsi="http://www.w3.org/2001/XMLSchema-instance"
    xsi:schemaLocation="http://www.loc.gov/MARC21/slim http://www.loc.gov/standards/marcxml/schema/MARC21slim.xsd"
    xmlns="http://www.loc.gov/MARC21/slim">

  <leader>01274nam0a22002891  4500</leader>
  <controlfield tag="001">v19\rc\1776668</controlfield>
  <controlfield tag="005">20250619072338.0</controlfield>
  <datafield tag="035" ind1=" " ind2=" ">
    <subfield code="a">(NLR Aleph) 004872168</subfield>
  </datafield>
  <datafield tag="090" ind1=" " ind2=" ">
    <subfield code="a">5104303</subfield>
    <subfield code="c">5104303</subfield>
  </datafield>
  <datafield tag="100" ind1=" " ind2=" ">
    <subfield code="a">20061204e19041904|||y0rusy50      ca</subfield>
  </datafield>
  <datafield tag="101" ind1="1" ind2=" ">
    <subfield code="a">rus</subfield>
    <subfield code="c">ger</subfield>
  </datafield>
  <datafield tag="102" ind1=" " ind2=" ">
    <subfield code="a">RU</subfield>
  </datafield>
  <datafield tag="105" ind1=" " ind2=" ">
    <subfield code="a">y   z   |||||</subfield>
  </datafield>
  <datafield tag="200" ind1="1" ind2=" ">
    <subfield code="a">!&#x418;&#x437;&#x432;&#x43B;&#x435;&#x447;&#x435;&#x43D;&#x438;&#x435; &#x438;&#x437; &#x441;&#x43E;&#x431;&#x440;&#x430;&#x43D;&#x438;&#x44F; &#x43E;&#x442;&#x437;&#x44B;&#x432;&#x43E;&#x432; &#x438; &#x434;&#x43E;&#x43A;&#x43B;&#x430;&#x434;&#x43E;&#x432; &#x432;&#x440;&#x430;&#x447;&#x435;&#x439; &#x43E; &#x43F;&#x440;&#x438;&#x43C;&#x435;&#x43D;&#x435;&#x43D;&#x438;&#x438; &#x438; &#x434;&#x435;&#x439;&#x441;&#x442;&#x432;&#x438;&#x438; &#x43D;&#x430;&#x444;&#x442;&#x430;&#x43B;&#x430;&#x43D;&#x430;</subfield>
    <subfield code="f">&#x41F;&#x435;&#x440;. &#x441; &#x43D;&#x435;&#x43C;. &#x41A;.&#x421;.</subfield>
  </datafield>
  <datafield tag="205" ind1=" " ind2=" ">
    <subfield code="a">[&#x420;&#x435;&#x43A;&#x43B;&#x430;&#x43C;&#x43D;&#x43E;&#x435; &#x438;&#x437;&#x434;.]</subfield>
  </datafield>
  <datafield tag="210" ind1=" " ind2=" ">
    <subfield code="a">&#x422;&#x438;&#x444;&#x43B;&#x438;&#x441;</subfield>
    <subfield code="c">&#x442;&#x438;&#x43F;. &#x42F;.&#x418;. &#x41B;&#x438;&#x431;&#x435;&#x440;&#x43C;&#x430;&#x43D;&#x430;</subfield>
    <subfield code="d">1904</subfield>
  </datafield>
  <datafield tag="215" ind1=" " ind2=" ">
    <subfield code="a">148 &#x441;.</subfield>
    <subfield code="d">15</subfield>
  </datafield>
  <datafield tag="300" ind1=" " ind2=" ">
    <subfield code="a">&#x412;&#x432;&#x435;&#x434;&#x435;&#x43D;&#x438;&#x435;: &#x42D;&#x43D;&#x433; &#x415;&#x433;&#x435;&#x440;. &#x418;&#x437;&#x43E;&#x431;&#x440;&#x435;&#x442;&#x430;&#x442;&#x435;&#x43B;&#x44C; &#x438; &#x444;&#x430;&#x431;&#x440;&#x438;&#x43A;&#x430;&#x43D;&#x442; &#x446;&#x435;&#x43B;&#x435;&#x431;&#x43D;&#x43E;&#x433;&#x43E; &#x441;&#x432;&#x43E;&#x439;&#x441;&#x442;&#x432;&#x430; "Naftalan"</subfield>
  </datafield>
  <datafield tag="488" ind1=" " ind2="0">
    <subfield code="1">2001#$a&#x421;&#x43E;&#x431;&#x440;&#x430;&#x43D;&#x438;&#x435; &#x43E;&#x442;&#x437;&#x44B;&#x432;&#x43E;&#x432; &#x438; &#x434;&#x43E;&#x43A;&#x43B;&#x430;&#x434;&#x43E;&#x432; &#x432;&#x440;&#x430;&#x447;&#x435;&#x439; &#x43E; &#x43F;&#x440;&#x438;&#x43C;&#x435;&#x43D;&#x435;&#x43D;&#x438;&#x438; &#x438; &#x434;&#x435;&#x439;&#x441;&#x442;&#x432;&#x438;&#x438; &#x43D;&#x430;&#x444;&#x442;&#x430;&#x43B;&#x430;&#x43D;&#x430;</subfield>
    <subfield code="t">&#x421;&#x43E;&#x431;&#x440;&#x430;&#x43D;&#x438;&#x435; &#x43E;&#x442;&#x437;&#x44B;&#x432;&#x43E;&#x432; &#x438; &#x434;&#x43E;&#x43A;&#x43B;&#x430;&#x434;&#x43E;&#x432; &#x432;&#x440;&#x430;&#x447;&#x435;&#x439; &#x43E; &#x43F;&#x440;&#x438;&#x43C;&#x435;&#x43D;&#x435;&#x43D;&#x438;&#x438; &#x438; &#x434;&#x435;&#x439;&#x441;&#x442;&#x432;&#x438;&#x438; &#x43D;&#x430;&#x444;&#x442;&#x430;&#x43B;&#x430;&#x43D;&#x430;</subfield>
  </datafield>
  <datafield tag="702" ind1=" " ind2="0">
    <subfield code="a">&#x41A;. &#x421;.</subfield>
    <subfield code="4">730</subfield>
  </datafield>
  <datafield tag="801" ind1=" " ind2="0">
    <subfield code="a">RU</subfield>
    <subfield code="b">NLR</subfield>
    <subfield code="g">psbo</subfield>
  </datafield>
  <datafield tag="801" ind1=" " ind2="0">
    <subfield code="a">RU</subfield>
    <subfield code="b">RuMoRGB</subfield>
    <subfield code="2">psbo</subfield>
  </datafield>
  <datafield tag="801" ind1=" " ind2="1">
    <subfield code="a">RU</subfield>
    <subfield code="b">ProSoft-M</subfield>
    <subfield code="2">rusmarc</subfield>
  </datafield>
  <datafield tag="852" ind1=" " ind2=" ">
    <subfield code="a">NLR</subfield>
    <subfield code="j">38.6.8.4</subfield>
  </datafield>
  <datafield tag="899" ind1=" " ind2=" ">
    <subfield code="a">&#x411;&#x410;&#x41D;</subfield>
  </datafield>
  <datafield tag="942" ind1=" " ind2=" ">
    <subfield code="c">BOOK</subfield>
  </datafield>
  <datafield tag="980" ind1=" " ind2=" ">
    <subfield code="a">NB</subfield>
  </datafield>
  <datafield tag="995" ind1=" " ind2=" ">
    <subfield code="5">2013-10-26</subfield>
    <subfield code="b">NLR02</subfield>
    <subfield code="c">NLR02</subfield>
    <subfield code="e">RFS</subfield>
    <subfield code="f">4872168-10</subfield>
    <subfield code="k">38.6.8.4</subfield>
    <subfield code="o">0</subfield>
    <subfield code="r">BOOK</subfield>
    <subfield code="s">38684_</subfield>
  </datafield>
  <datafield tag="995" ind1=" " ind2=" ">
    <subfield code="5">2013-10-26</subfield>
    <subfield code="b">NLR01</subfield>
    <subfield code="c">NLR01</subfield>
    <subfield code="e">TEMP</subfield>
    <subfield code="f">4872168-20</subfield>
    <subfield code="o">0</subfield>
    <subfield code="r">BOOK</subfield>
  </datafield>
</record>
